| 000 | 02101 a2200301 4500 | ||
|---|---|---|---|
| 005 | 20140813102722.0 | ||
| 008 | 140813s205 xxua gs|||| 00| 0 eng d | ||
| 040 |
_aCO-BoUCM _bspa _cJose A. Gerena _dJose A. Gerena |
||
| 041 | 0 | _aeng | |
| 092 | _aDVD 1449 | ||
| 245 | 1 | 4 |
_aThe Simpsons _bthe complete sixth season _ccreado por Matt Groening |
| 260 |
_aLos Ángeles (Estados Unidos) _bTwentieth Century Fox _c2005 |
||
| 300 |
_a4 DVD _bimagen, sonido, color |
||
| 500 | _aSINOPSIS. es una serie estadounidense de comedia, en formato de animación, creada por Matt Groening para Fox Broadcasting Company y emitida en varios países del mundo. La serie es unasátira de la sociedad estadounidense que narra la vida y el día a día de una familia de clase media de ese país (cuyos miembros son Homer, Marge, Bart, Lisa y Maggie Simpson) que vive en un pueblo ficticio llamadoSpringfield. | ||
| 505 |
_gDisco 1. _tBart of Darkness. -- Lisa’s Rival. -- Another Simpsons Clip Show. -- Itchy & Scratchy Land. -- Sideshow Bob Roberts. -- Treehouse of Horror V. -- Bart’s Girlfriend). |
||
| 505 |
_gDisco 2. _tLisa on Ice. -- Homer: Bad Man. -- Grampa vs. Sexual Inadequacy. -- Fear of Flying. -- Homer the Great. -- And Maggie Makes three. -- Bart’s Comet. |
||
| 505 |
_gDisco 3. _tHomie the Clown. -- Bart vs. Australia. -- Homer vs. Patty and Selma. -- A Star is Burns. -- Lisa’s Wedding. -- Two Dozens and One Greyhounds. -- The PTA Disbands. |
||
| 505 |
_gDisco 4. _tRound Springfield. -- The Springfield Connection. -- Lemon of Troy. -- Who Shot Mr. Burns? |
||
| 508 | _aCRÉDITOS: Creado por Marr Groening; desarrollado por Jones L. Brooks, Matt Groening, Sam Simon; producción ejecutiva Jones L. Brooks, Matt Groening, Sam Simon. | ||
| 546 | _aAudio en inglés. | ||
| 650 | 7 |
_913219 _aDibujos animados _vDVD |
|
| 650 | 7 |
_922530 _aProgramas de televisión _vDVD |
|
| 650 | 7 |
_926230 _aVida familiar _vDVD |
|
| 690 |
_942805 _aEntretenimiento |
||
| 700 | 1 |
_aGroening, matt _963750 |
|
| 710 | 2 |
_aTwentieth Century Fox _951777 |
|
| 942 |
_2LOCAL _a11 _cMULTIMEDIA _e1 _hDVD 1449 |
||
| 999 |
_c296502 _d296502 |
||